000 00935nam a2200241 a 4500
001 BRL_452
005 20190320210740.0
008 140813s2002----mx-a######---#010-0#spa-#
020 _a970189085X
050 4 _aTR646.M462
_b.H66 2002
245 1 0 _aHomenaje Nacional a Mariana Yampolsky
_c[Sari Bermúdez ... et al.]
260 _aMéxico
_bCONACULTA
_bINBA
_bINAH
_bFundación Cultural MAriana Yampolsky
_c2002
300 _a142 p.
_bil. (algunas a color)
_c21 cm.
500 _aCatalogo de exhibición del Museo Nacional de Antropología e Historia, México, Noviembre 2002 - Enero de 2003
500 _aAu496
600 1 4 _aYampolsky, Mariana
_d1925-
_923956
650 1 4 _aFotografía artística
_vExposiciones
_923957
650 1 4 _aFotografía
_vExposiciones
_zMéxico
_923958
650 1 4 _aFotógrafos
_vExposiciones
_zMéxico
_95399
700 1 _aBermúdez de Belsasso, Sara Guadalupe,
_d1950-
_923959
902 _aGRL
942 _2lcc
_cB
999 _c9264
_d9264